[Event "Barcelona Sant Marti op 04th"]
[Site "Barcelona"]
[Date "2002.04.20"]
[Round "3.47"]
[White "Carmona Santin, Ramon"]
[Black "Febrero Perez, Lluis"]
[Result "0-1"]
[WhiteElo "1700"]
[BlackElo "1780"]
[PlyCount "80"]
[EventDate "2002.04.06"]
[EventType "swiss"]
[EventRounds "9"]
[EventCountry "ESP"]
[SourceTitle "EXT 2003"]
[Source "ChessBase"]
[SourceDate "2002.11.25"]
[SourceVersion "1"]
[SourceVersionDate "2002.11.25"]
[SourceQuality "1"]

1. e4 e5 2. Nf3 Nc6 3. d4 exd4 4. Nxd4 Qh4 5. Qd3 Nb4 6. Qc3 Qxe4+ 7. Be3 Nd5 8. Nd2 Nxc3 9. Nxe4 Nxe4 10. Nb5 Bd6 11. f3 a6 12. fxe4 axb5 13. Bxb5 Nf6 14. Bd3 0-0 15. 0-0 Ng4 16. Bf4 Bc5+ 17. Kh1 Nf2+ 18. Rxf2 Bxf2 19. Bxc7 Re8 20. Rf1 Bc5 21. e5 Ra4 22. b3 Rd4 23. Bc4 Re7 24. c3 Rd2 25. b4 d5 26. Bd8 Rxe5 27. Bb3 Rf2 28. Kg1 Rfe2+ 29. bxc5 Re1 30. Bh4 Rxf1+ 31. Kxf1 Be6 32. Bg3 Re3 33. Be1 Re4 34. Bd2 d4 35. Bc2 Bc4+ 36. Kf2 Re2+ 37. Kf3 Rxd2 38. Be4 dxc3 39. a4 Bd5 40. Bxd5 Rxd5 0-1

[Event "Barcelona Sant Marti op 04th"]
[Site "Barcelona"]
[Date "2002.04.06"]
[Round "1.39"]
[White "Carmona Santin, Ramon"]
[Black "Lopez Abaurrea, Eduardo"]
[Result "0-1"]
[WhiteElo "1700"]
[BlackElo "1925"]
[PlyCount "42"]
[EventDate "2002.04.06"]
[EventType "swiss"]
[EventRounds "9"]
[EventCountry "ESP"]
[SourceTitle "EXT 2003"]
[Source "ChessBase"]
[SourceDate "2002.11.25"]
[SourceVersion "1"]
[SourceVersionDate "2002.11.25"]
[SourceQuality "1"]

1. e4 e5 2. Nf3 Nc6 3. d4 exd4 4. Nxd4 Bc5 5. Nxc6 Qf6 6. Qf3 Qxc6 7. Bc4 Bxf2+ 8. Qxf2 Qxc4 9. Nc3 d6 10. b3 Qxc3+ 11. Qd2 Qxa1 12. a4 Qe5 13. Qe3 Nf6 14. 0-0 0-0 15. Qf3 Qxe4 16. Qf2 Re8 17. Bb2 Qe3 18. Qxe3 Rxe3 19. Rf2 Re1+ 20. Rf1 Rxf1+ 21. Kxf1 Bf5 0-1